000 01139nam a22003377a 4500
001 368
003 FISKH
005 20250221091349.0
008 230329b cb ||||| |||| 00| 0 eng d
010 _a 2010031291
020 _a9780545142465
040 _aDLC
_cDLC
_dDLC
_dFISKH
_beng
042 _alcac
_apcc
050 0 0 _aPZ7.M5615
_bMar 2011
082 0 0 _a599.78
_222
100 1 _aMessner, Kate.
245 1 0 _aMarty McGuire /
_cby Kate Messner ; illustrated by Brian Floca.
250 _aFirst Paperback printing, May 2011
260 _aNew York :
_bScholastic Press,
_c2011.
300 _a129 pages. :
_bill. ;
_c20 cm.
505 _aM
520 _aWhen tomboy Marty is cast as the princess in the third-grade play, she learns about improvisation, which helps her become more adaptable.
521 8 _a660
_bLexile
521 8 _aM
_bRaz-Plus
650 1 _aTheater
_vFiction.
650 1 _aSchools
_vFiction.
700 1 _aFloca, Brian,
_eill.
906 _a7
_bcbc
_corignew
_d1
_eecip
_f20
_gy-gencatlg
942 _2ddc
_cBK
_n0
999 _c368
_d368